| 000 | 00638cab a22002175a 4500 | ||
|---|---|---|---|
| 001 | L158983 | ||
| 008 | 151123e2015 xxk 000 0 eng d | ||
| 035 | _a(Sirsi) u158983 | ||
| 041 | 0 | _aeng | |
| 245 | 0 | 0 | _aForty under 40 |
| 260 | _c2015 | ||
| 490 |
_aProperty Week _v82(39) 9 October 2015, 31-43(13) |
||
| 520 | _aProfiles the careers of 40 property professionals under the age of 40 who attended an event hosted by Irwin Mitchell. | ||
| 590 | _aKA | ||
| 650 | 2 | 4 | _aRANKINGS |
| 650 | 2 | 4 | _aLEAGUE TABLES |
| 651 | 4 |
_aUnited Kingdom _y |
|
| 690 |
_aCommercial property _96227 |
||
| 690 | _aBusiness and management | ||
| 942 | _n0 | ||
| 999 |
_c84756 _d84756 |
||